| 000 | 00466nam a2200181Ia 4500 | ||
|---|---|---|---|
| 008 | 230917s9999||||xx |||||||||||||| ||und|| | ||
| 020 | _cGBP55.99 | ||
| 040 |
_e249108 _aMAIN |
||
| 041 | _aEnglish | ||
| 082 | _a152 C197P(12) | ||
| 100 | _aCarlson, Neil R | ||
| 245 | 0 | _aPhysiology of behavior | |
| 250 | _a12th ed. | ||
| 260 |
_aHarlow _bPearson Education _c2017 |
||
| 300 | _a736 p. | ||
| 500 | _a3209 30/07/2018 IBS18/65 31/07/2018 Main Budget | ||
| 942 | _cBK | ||
| 999 |
_c27609 _d27609 |
||